000 00388nmm a2200145Ia 4500
008 251105s9999||||xx |||||||||||||||||und||
041 _aspa
100 _aPisano, Isabel
245 0 _aDenise
264 _a[Madrid, España] :
_bEdiciones B,
_c2014
300 _a304 páginas
650 _aThriller & Suspense
856 _uhttps://public.digitaliapublishing.com/a/53284
942 _cCF
999 _c105064
_d105064